Loading...
| Religion | 0 | 5 | 0 | 0 | 50 | 26 | 54.00 | 1 | 2 | 23.42 | 33.74 |
| Philosophy | 0 | 5 | 1 | 0 | 45 | 44 | 53.80 | 1 | 4 | 26.83 | 46.58 |
| History - European | 0 | 4 | 0 | 0 | 40 | 29 | 52.50 | 1 | 2 | 18.24 | 20.45 |
| Mythology | 0 | 5 | 3 | 0 | 35 | 49 | 60.00 | 1 | 4 | 21.00 | 35.78 |
| Fine Arts - Other | 0 | 3 | 0 | 1 | 30 | 40 | 75.67 | 1 | 1 | 9.28 | 11.77 |
| History - World | 0 | 3 | 1 | 2 | 25 | 76 | 93.33 | 0 | 0 | 2.87 | 10.14 |
| Fine Arts - Painting and Sculpture | 0 | 3 | 1 | 1 | 25 | 66 | 86.33 | 0 | 0 | 6.35 | 11.77 |
| Geography | 0 | 2 | 0 | 1 | 20 | 79 | 87.50 | 0 | 0 | 7.01 | 17.44 |
| History - Other | 0 | 2 | 1 | 1 | 15 | 63 | 86.00 | 0 | 0 | 3.87 | 6.76 |
| History - American | 0 | 2 | 1 | 0 | 15 | 41 | 67.50 | 0 | 1 | 7.96 | 11.36 |
| Literature - European | 0 | 2 | 1 | 0 | 15 | 81 | 82.00 | 0 | 0 | 5.22 | 9.09 |
| Social Science | 0 | 2 | 1 | 0 | 15 | 16 | 42.00 | 1 | 2 | 15.61 | 21.96 |
| Science - Other | 0 | 1 | 0 | 0 | 10 | 74 | 74.00 | 0 | 0 | 4.07 | 4.90 |
| Literature - World | 0 | 1 | 1 | 0 | 5 | 86 | 86.00 | 0 | 0 | 2.17 | 3.79 |
| Literature - American | 0 | 1 | 1 | 0 | 5 | 75 | 75.00 | 0 | 0 | 3.26 | 4.90 |
| Literature - British | 0 | 0 | 1 | 0 | -5 | 0.00 | 0 | 0 | 0.00 | 0.00 | |
| Current Events | 0 | 0 | 1 | 0 | -5 | 0.00 | 0 | 0 | 0.00 | 0.00 | |
| Science - Chemistry | 0 | 0 | 1 | 0 | -5 | 0.00 | 0 | 0 | 0.00 | 0.00 |